000 01327nam0a22002411 4500
001 rc\2651977
005 20250529192022.0
035 _a(NLR Aleph) 006959437
090 _a5328364
_c5328364
100 _a20110610d1929 |||y0rusy50 ca
101 0 _arus
102 _aRU
105 _aa z |||||
200 1 _aКак следует закладывать плодовый сад и правильно садить плодовое дерево
_eКратк. практ. рук-во к разбивке сада и посадке дерева при устройстве коллект. и групповых плодовых насаждений
_fПроф. С.В. Краинский, предс. Черноморск. окр. постоян. помологич. комис.
210 _aНовороссийск
_cБ. и.
_d1929
215 _a12 с.
_cил.
_d27 см
225 1 _aПопулярная литература для крестья-садоводов
_fЧерноморск. окр. постоян. помологич. комис. при Черноморск. окр. зем. упр.
_vБюллетень № 1
700 1 _aКраинский
_bС.В.
_f1876-1936
_gСергей Васильевич
801 0 _aRU
_bNLR
_gpsbo
801 1 _aRU
_bELAR
_2rusmarc
852 _aNLR
_j71/1129
942 _cBOOK
980 _aNB